ბათუმის შოთა რუსთაველის სახელმწიფო უნივერსიტეტის ბიბლიოთეკა

წინ არის მთელი სიცოცხლე (ბიბ.ჩანაწერი № 50263)

000 -LEADER
fixed length control field 00780nam a2200229Ia 4500
001 - CONTROL NUMBER
control field 17201
003 - CONTROL NUMBER IDENTIFIER
control field GE_BSU
008 - FIXED-LENGTH DATA ELEMENTS--GENERAL INFORMATION
fixed length control field 181216s||||||||xx |||||||||||||| ||und||
040 ## - CATALOGING SOURCE
Transcribing agency GE_BSU
080 ## - UNIVERSAL DECIMAL CLASSIFICATION NUMBER
Universal Decimal Classification number 82-93:821.161.1-1
100 ## - MAIN ENTRY--PERSONAL NAME
Personal name სმირნოვი, ს.
245 ## - TITLE STATEMENT
Title წინ არის მთელი სიცოცხლე
245 ## - TITLE STATEMENT
Remainder of title ლექსები
245 ## - TITLE STATEMENT
Statement of responsibility, etc. ავტ. წინასიტყვაობით. რედ. გ. კაჭახიძე
260 ## - PUBLICATION, DISTRIBUTION, ETC.
Place of publication, distribution, etc. თბილისი
260 ## - PUBLICATION, DISTRIBUTION, ETC.
Name of publisher, distributor, etc. ნაკადული
260 ## - PUBLICATION, DISTRIBUTION, ETC.
Date of publication, distribution, etc. 1960
300 ## - PHYSICAL DESCRIPTION
Extent 87გვ. : 1ფ. პორტრ. ; 17სმ..
653 ## - INDEX TERM--UNCONTROLLED
Uncontrolled term ლექსები
653 ## - INDEX TERM--UNCONTROLLED
Uncontrolled term წინ არის მთელი სიცოცხლე
942 ## - ADDED ENTRY ELEMENTS (KOHA)
Koha item type წიგნი
ეგზემპლარები
Withdrawn status Lost status Damaged status Not for loan Date acquired Barcode Date last seen Price effective from Koha item type
        2018-12-17 21529 2018-12-17 2018-12-17 წიგნი
        2018-12-17 21530 2018-12-17 2018-12-17 წიგნი